| 000 | 00707nam a2200205 i 4500 | ||
|---|---|---|---|
| 001 | 96650 | ||
| 003 | ES-MaACL | ||
| 005 | 20240312062538.0 | ||
| 007 | t| | ||
| 008 | 050629s1920 sp f |||| | spa d | ||
| 100 | 1 |
_aMaluquer, Manuel. _975877 |
|
| 245 | 1 | 0 |
_aFísica biológica _b: teoría integral de la visión / _cestudio ampliado de las conferencias dadas en el Ateneo de Madrid por Manuel Maluquer. |
| 260 |
_aMadrid : _bImp. Ramona Velasco, _c1920. |
||
| 300 |
_aXV, 291 p., 6 h. de lám. ; _c25 cm. |
||
| 610 | 2 | 4 |
_aAteneo de Madrid- _vConferencias- _y1900-1939 _91907 |
| 650 | 0 | 4 |
_aBiofísica. _910570 |
| 710 | 2 |
_aAteneo de Madrid. _91875 |
|
| 852 |
_aES-MaACL _jE-1495 |
||
| 999 |
_c96650 _d96650 |
||